Revista española de lingüística (Record no. 178787)

MARC details
000 -LEADER
campo de control de longitud fija 01210nas a2200301 i 4500
001 - NÚMERO DE CONTROL
campo de control 178787
003 - IDENTIFICADOR DE NÚMERO DE CONTROL
campo de control ES-MaACL
005 - FECHA Y HORA DE LA ÚLTIMA TRANSACCIÓN
campo de control 20250817120125.0
008 - DATOS DE LONGITUD FIJA--INFORMACIÓN GENERAL
campo de control de longitud fija 110629c1971 sp f|yp | ||pa d
022 ## - NÚMERO INTERNACIONAL NORMALIZADO PARA PUBLICACIONES SERIADAS
Número Internacional Normalizado para Publicaciones Seriadas 0210-1874
080 ## - NÚMERO DE LA CLASIFICACIÓN DECIMAL UNIVERSAL
Número de la Clasificación Decimal Universal 81
245 00 - MENCIÓN DEL TÍTULO
Título Revista española de lingüística
Resto del título : órgano de la Sociedad Española de Lingüística.
260 ## - PUBLICACIÓN, DISTRIBUCIÓN, ETC.
Lugar de publicación, distribución, etc. Madrid :
Nombre del editor, distribuidor, etc. Gredos,
Fecha de publicación, distribución, etc. 1971-
300 ## - DESCRIPCIÓN FÍSICA
Extensión 26 v. :
Otras características físicas gráf. ;
Dimensiones 24 cm.
310 ## - PERIODICIDAD ACTUAL
Periodicidad actual Semestral
362 1# - FECHAS DE PUBLICACIÓN Y/O DESIGNACIÓN SECUENCIAL
Fecha de publicación y/o designación secuencial V. 1, n.1 (en.- jun. 1971)-
546 ## - NOTA DE IDIOMA
Nota de lengua/lenguaje Resumen en inglés de los artículos.
594 ## - Nota al título y mención de responsabilidad
Nota al título y mención de responsabilidad Director, Francisco R. Adrados.
650 04 - PUNTO DE ACCESO ADICIONAL DE MATERIA--TÉRMINO DE MATERIA
Término de materia o nombre geográfico como elemento de entrada Lingüística. Filología.
9 (RLIN) 14477
655 #7 - TERMINO DE INDIZACIÓN--GENERO/FORMA
Fuente del término tgfbne
9 (RLIN) 226866
Datos o término principal de género/forma Revistas
700 1# - ENTRADA AGREGADA--NOMBRE PERSONAL
Nombre de persona Rodríguez Adrados, Francisco,
Fechas asociadas al nombre 1922-2020
9 (RLIN) 98318
710 2# - ENTRADA AGREGADA--NOMBRE DE ENTIDAD CORPORATIVA
Nombre de entidad corporativa o nombre de jurisdicción como elemento de entrada Sociedad Española de Lingüística.
9 (RLIN) 147272
852 ## - LOCALIZACIÓN
Ubicación ES-MaACL
Número de control de estantería HEM-H-401
Nota libre . - Donativo Ignacio Álvarez Moreno
-- Expurgada marzo 2025: posterior 1958; sin encuadernar; en acceso abierto; muy incompleta; disponible en otras bibliotecas
itemnumber 185648
Ubicación en estantería Hemeroteca
856 ## - LOCALIZACIÓN Y ACCESO ELECTRÓNICOS
Identificador Uniforme de Recursos <a href="https://dialnet.unirioja.es/servlet/revista?codigo=1228">https://dialnet.unirioja.es/servlet/revista?codigo=1228</a>
Texto de enlace Sumarios de la revista en Dialnet
866 #0 - MENCIÓN TEXTUAL DE FONDOS--UNIDAD BIBLIOGRÁFICA BÁSICA
Fondos 1979-91.
942 ## - ELEMENTOS DE ENTRADA SECUNDARIOS (KOHA)
Fuente del sistema de clasificación o colocación Clasificación decimal universal
Holdings
Estatus retirado Estado de pérdida Fuente del sistema de clasificación o colocación Estado de daño No para préstamo Colección Biblioteca de origen Biblioteca actual Ubicación en estantería Fecha de adquisición Total de préstamos Signatura topográfica completa Código de barras Visto por última vez Precio de reemplazo Tipo de ítem Koha
Expurgado   Clasificación decimal universal     Periódicos y Revistas Biblioteca del Ateneo de Madrid Biblioteca del Ateneo de Madrid Hemeroteca 29/06/2011   HEM-H-401 1187801 23/02/2023 23/02/2023 Revista